00657 a2200181 4500003000400000005001700004008004100021020001800062040000900080082001900089100003700108245008500145260004300230300001000273942004400283952013100327999001700458OSt20240313104827.0231103b |||||||| |||| 00| 0 eng d a9789639541564 coclc a346.176bHAS/S aHassan, Abdullah Alwi Haji99814 aSales And Contracts In Early Islamic Commercial Law /cAbdullah Alwi Haji Hassan aKaula Lumpur:bThe Other Press,c2007. a297 p 2ddccBKh346.176iHAS/Sk346.176mHAS/S 00102ddc40708LAWaMESbMEScISLd2024-01-03l0o346.176 HAS/Sp44286r2024-01-03 14:02:43v1160.00w2024-01-03yBKzGL47R2 c42764d42764